00345nam a2200121Ia 4500008004100000041000800041082001300049100003600062245004800098260004400146300001200190999002100202231228s1994 xx 000 0 und d aeng a4.5bCOO aCOOMBS (Test) / COOMBS (Tanson) aDbase 5 for windows programming for Dummies aNew DelhibMoscow Progress Pub. Bc1994 axx, 383 c1080454d1080454